| 000 | 00816cam a2200217 4500 | ||
|---|---|---|---|
| 001 | ABS61225 | ||
| 008 | 000000n1999 000 0 eng u | ||
| 035 | _a(Sirsi) u101825 | ||
| 100 | _aO'Connor, R. | ||
| 245 | _aSpawning new partnerships for small projects. | ||
| 260 | _c1999 | ||
| 490 |
_aPFI Intelligence Bulletin _v4(8) September 1999, 13-15(2) |
||
| 520 | _aThe Millennium Commission has so far approved 180 capital projects, all involving funding partnerships with the private sector. Summarises the approval scheme and reviews some of the projects. | ||
| 650 | _aMILLENNIUM COMMISSION | ||
| 650 | _aNATIONAL LOTTERY | ||
| 650 | _aCONSTRUCTION PROJECTS | ||
| 650 | _aCAPITAL PROJECTS | ||
| 650 | _aPUBLIC PRIVATE PARTNERSHIPS | ||
| 690 | _aPROPERTY-PROPERTY FINANCE AND INVESTMENT | ||
| 942 | _n0 | ||
| 999 |
_c60937 _d60937 |
||